Statistics for Albums Of 1968

Click here to take the quiz!

General Stats

  • This quiz has been taken 38 times
  • The average score is 11 of 19

Answer Stats

AlbumArtist% Correct
"White Album"The Beatles
100%
Beggars BanquetThe Rolling Stones
89%
At Folsom PrisonJohnny Cash
86%
The Dock Of The BayOtis Redding
86%
Electric LadylandThe Jimi Hendrix Experience
77%
In-A-Gadda-Da-VidaIron Butterfly
66%
Lady SoulAretha Franklin
63%
Music From Big PinkThe Band
57%
The Hurdy Gurdy ManDonovan
54%
Astral WeeksVan Morrison
54%
In Search Of The Lost ChordMoody Blues
51%
Waiting For The SunThe Doors
51%
Wheels Of FireCream
46%
BookendsSimon & Garfunkel
40%
We're Only In It For The MoneyThe Mothers Of Invention
37%
Cheap ThrillsBig Brother and the Holding Company
31%
Journey To The Center Of The MindAmboy Dukes
23%
Child Is Father To The ManBlood Sweat and Tears
23%
Vincebus EruptumBlue Cheer
20%

Score Distribution

Percentile by Number Answered

Percent of People with Each Score

Your Score History

You have not taken this quiz